000
00346nam a22001217a 4500
040
_c
HS
082
_a
590
100
_a
ត្រាន ថាន់កាញ់
245
_a
ធរណីវិទ្យាទូទៅ Pedologie general
260
_a
ភំពេញ
_b
ក្រសួងកសិកម្ម
_c
1992
300
_a
145p;
942
_c
KB
999
_c
9031
_d
9031